Deep Rock Galactic Quiz - Statistics

General Stats
  • This quiz has been taken 62 times
  • The average score is 14 of 18
Answer Stats
Hint Answer % Correct
The four classes of Dwarf Driller
96%
Gunner
96%
Scout
96%
Engineer
94%
ROCK AND ... STONE
92%
Mineral used to summon resupply pods to restock on ammo Nitra
90%
Name of the mule used to deposit reasources Molly
88%
Dark mineral often mined or refined as a mission objective Morkite
82%
Primary animal inhabitants of said planet Glyphids
80%
Name of the robot who assists the player in single-player missions Bosco
78%
These inhabitant's flying cousins Mactera
72%
The boss version of these inhabitants fought in elimination missions Dreadnoughts
66%
Boss used by a rival company to protect their data in the Rival Presence missions The Caretaker
66%
Name of the ship used to descend from the Space Station to the planet below Drop Pod
64%
Name of the drill used in Escort Duty missions Doretta
60%
Name of said planet Hoxxes IV
58%
Name of the barkeeping robot who sells delicious beer at the Abyss Bar Lloyd
54%
Item that can be converted into weapon overclocks through machine events Matrix Cores
50%
No matching quizzes found
Score Distribution
Percent of People with Each Score
Percentile by Number Answered
Your Score History
You have not taken this quiz